[Event "Icelandic Team Championship 2021"]
[Site "Reykjavik"]
[Date "2021.10.02"]
[Round "3.15"]
[White "Ptacnikova, Lenka"]
[Black "Olafsson, Thorvardur"]
[Result "1/2-1/2"]
[WhiteElo "2127"]
[BlackElo "2155"]

1. e4 {[%clk 01:30:59]} e5 {[%clk 01:30:47]} {[%emt 00:00:13]} 2. Nf3 {[%clk
01:31:25]} {[%emt 00:00:05]} Nc6 {[%clk 01:31:11]} {[%emt 00:00:05]} 3. Bb5
{[%clk 01:31:43]} {[%emt 00:00:13]} a6 {[%clk 01:31:08]} {[%emt 00:00:31]} 4.
Bxc6 {[%clk 01:32:02]} {[%emt 00:00:12]} dxc6 {[%clk 01:31:31]} {[%emt
00:00:06]} 5. Nc3 {[%clk 01:32:27]} {[%emt 00:00:06]} f6 {[%clk 01:30:52]}
{[%emt 00:01:09]} 6. d4 {[%clk 01:32:48]} {[%emt 00:00:08]} Bg4 {[%clk
01:30:40]} {[%emt 00:00:41]} 7. dxe5 {[%clk 01:31:48]} {[%emt 00:01:31]} Qxd1+
{[%clk 01:31:00]} {[%emt 00:00:10]} 8. Nxd1 {[%clk 01:32:15]} {[%emt 00:00:04]}
Bxf3 {[%clk 01:29:41]} {[%emt 00:01:50]} 9. gxf3 {[%clk 01:32:40]} {[%emt
00:00:04]} fxe5 {[%clk 01:30:01]} {[%emt 00:00:09]} 10. f4 {[%clk 01:29:32]}
{[%emt 00:03:39]} exf4 {[%clk 01:29:14]} {[%emt 00:01:15]} 11. Bxf4 {[%clk
01:29:58]} {[%emt 00:00:05]} O-O-O {[%clk 01:28:12]} {[%emt 00:01:32]} 12. Ne3
{[%clk 01:19:59]} {[%emt 00:10:29]} Bd6 {[%clk 01:23:33]} {[%emt 00:05:10]} 13.
Bg3 {[%clk 01:15:59]} {[%emt 00:05:01]} Re8 {[%clk 01:12:57]} {[%emt 00:11:34]}
14. f3 {[%clk 01:10:39]} {[%emt 00:05:50]} Bc5 {[%clk 01:04:25]} {[%emt
00:09:02]} 15. Ke2 {[%clk 01:00:21]} {[%emt 00:10:49]} Ne7 {[%clk 01:02:39]}
{[%emt 00:02:16]} 16. Rad1 {[%clk 00:53:02]} {[%emt 00:07:50]} Rhf8 {[%clk
00:58:35]} {[%emt 00:04:33]} 17. Rhe1 {[%clk 00:45:24]} {[%emt 00:08:08]} Rf7
{[%clk 00:56:34]} {[%emt 00:02:31]} 18. Rd3 {[%clk 00:42:14]} {[%emt 00:03:39]}
Ng6 {[%clk 00:52:15]} {[%emt 00:04:47]} 19. Red1 {[%clk 00:31:23]} {[%emt
00:11:24]} h5 {[%clk 00:37:44]} {[%emt 00:15:01]} 20. Ng2 {[%clk 00:24:55]}
{[%emt 00:06:58]} Nf8 {[%clk 00:34:13]} {[%emt 00:04:00]} 21. h4 {[%clk
00:13:49]} {[%emt 00:11:37]} Ne6 {[%clk 00:30:11]} {[%emt 00:04:31]} 22. c3
{[%clk 00:11:07]} {[%emt 00:03:13]} g6 {[%clk 00:26:43]} {[%emt 00:03:58]} 23.
Rh1 {[%clk 00:08:11]} {[%emt 00:03:26]} b5 {[%clk 00:23:52]} {[%emt 00:03:21]}
24. b4 {[%clk 00:04:16]} {[%emt 00:04:25]} Bf8 {[%clk 00:23:29]} {[%emt
00:00:51]} 25. a4 {[%clk 00:02:46]} {[%emt 00:02:02]} c5 {[%clk 00:20:21]}
{[%emt 00:03:38]} 26. axb5 {[%clk 00:02:58]} {[%emt 00:00:19]} axb5 {[%clk
00:20:45]} {[%emt 00:00:04]} 27. Ra1 {[%clk 00:02:50]} {[%emt 00:00:38]} Kb7
{[%clk 00:20:26]} {[%emt 00:00:49]} 28. Ra5 {[%clk 00:02:02]} {[%emt 00:01:19]}
c6 {[%clk 00:19:34]} {[%emt 00:01:21]} 29. Bf2 {[%clk 00:01:05]} {[%emt
00:01:28]} Ra8 {[%clk 00:18:01]} {[%emt 00:02:02]} 30. Rxa8 {[%clk 00:01:32]}
{[%emt 00:00:04]} Kxa8 {[%clk 00:18:23]} {[%emt 00:00:07]} 31. bxc5 {[%clk
00:01:54]} {[%emt 00:00:08]} Kb7 {[%clk 00:17:24]} {[%emt 00:01:29]} 32. Rd1
{[%clk 00:01:16]} {[%emt 00:01:08]} Bxc5 {[%clk 00:14:01]} {[%emt 00:03:52]} 33.
Bxc5 {[%clk 00:01:12]} {[%emt 00:00:35]} Nxc5 {[%clk 00:14:28]} {[%emt
00:00:02]} 34. Rd6 {[%clk 00:00:36]} {[%emt 00:01:06]} Na4 {[%clk 00:14:22]}
{[%emt 00:00:35]} 35. Rxg6 {[%clk 00:00:34]} {[%emt 00:00:33]} Nxc3+ {[%clk
00:14:45]} {[%emt 00:00:06]} 36. Ke3 {[%clk 00:00:57]} {[%emt 00:00:07]} b4
{[%clk 00:14:07]} {[%emt 00:01:08]} 37. Ne1 {[%clk 00:01:14]} {[%emt 00:00:13]}
b3 {[%clk 00:12:42]} {[%emt 00:01:55]} 38. Nd3 {[%clk 00:01:40]} {[%emt
00:00:03]} Nd1+ {[%clk 00:12:41]} {[%emt 00:00:31]} 39. Kd2 {[%clk 00:01:53]}
{[%emt 00:00:18]} b2 {[%clk 00:07:26]} {[%emt 00:05:46]} 40. Kc2 {[%clk
00:01:52]} {[%emt 00:00:31]} Rxf3 {[%clk 00:07:07]} {[%emt 00:00:49]} 41. Nxb2
{[%clk 00:02:06]} {[%emt 00:00:16]} Nxb2 {[%clk 00:07:13]} {[%emt 00:00:24]} 42.
Kxb2 {[%clk 00:02:32]} {[%emt 00:00:04]} Rf4 {[%clk 00:07:24]} {[%emt
00:00:19]} 43. Re6 {[%clk 00:01:38]} {[%emt 00:01:25]} Kc7 {[%clk 00:06:00]}
{[%emt 00:01:54]} 44. Kc3 {[%clk 00:01:40]} {[%emt 00:00:28]} Kd7 {[%clk
00:05:36]} {[%emt 00:00:53]} 45. Rh6 {[%clk 00:01:45]} {[%emt 00:00:25]} Rxe4
{[%clk 00:03:47]} {[%emt 00:02:18]} 46. Rxh5 {[%clk 00:02:07]} {[%emt
00:00:09]} Ke6 {[%clk 00:04:03]} {[%emt 00:00:13]} 47. Kd3 {[%clk 00:01:27]}
{[%emt 00:01:11]} Ra4 {[%clk 00:04:15]} {[%emt 00:00:16]} 48. Kc3 {[%clk
00:01:45]} {[%emt 00:00:14]} Kf6 {[%clk 00:04:28]} {[%emt 00:00:17]} 49. Rh6+
{[%clk 00:01:53]} {[%emt 00:00:22]} Kg7 {[%clk 00:04:51]} {[%emt 00:00:06]} 50.
Rxc6 {[%clk 00:02:11]} {[%emt 00:00:13]} Rxh4 {[%clk 00:05:16]} {[%emt
00:00:05]} 51. Rd6 {[%clk 00:02:25]} {[%emt 00:00:16]} 1/2-1/2

[Event "Icelandic Team Championship 2021"]
[Site "Reykjavik"]
[Date "2021.10.02"]
[Round "3.16"]
[White "Arnason, Arni A."]
[Black "Halldorsson, Bragi"]
[Result "1/2-1/2"]
[WhiteElo "2127"]
[BlackElo "2079"]

1. d4 {[%clk 01:30:52]} {[%emt 00:00:06]} Nf6 {[%clk 01:30:49]} {[%emt
00:00:12]} 2. Nf3 {[%clk 01:31:12]} {[%emt 00:00:09]} d5 {[%clk 01:31:14]}
{[%emt 00:00:04]} 3. Bf4 {[%clk 01:30:02]} {[%emt 00:01:40]} Bf5 {[%clk
01:31:15]} {[%emt 00:00:31]} 4. e3 {[%clk 01:29:41]} {[%emt 00:00:50]} e6
{[%clk 01:31:35]} {[%emt 00:00:09]} 5. Bd3 {[%clk 01:27:56]} {[%emt 00:02:14]}
Bg6 {[%clk 01:31:56]} {[%emt 00:00:10]} 6. O-O {[%clk 01:24:30]} {[%emt
00:03:57]} Bd6 {[%clk 01:32:16]} {[%emt 00:00:09]} 7. Bg5 {[%clk 01:18:39]}
{[%emt 00:06:20]} Nbd7 {[%clk 01:32:15]} {[%emt 00:00:31]} 8. c4 {[%clk
01:11:50]} {[%emt 00:07:19]} dxc4 {[%clk 01:28:02]} {[%emt 00:04:44]} 9. Bxc4
{[%clk 01:11:24]} {[%emt 00:00:56]} c6 {[%clk 01:27:55]} {[%emt 00:00:37]} 10.
Nc3 {[%clk 01:10:30]} {[%emt 00:01:24]} O-O {[%clk 01:27:41]} {[%emt 00:00:43]}
11. Rc1 {[%clk 00:59:12]} {[%emt 00:11:50]} Re8 {[%clk 01:19:47]} {[%emt
00:08:23]} 12. Qb3 {[%clk 00:47:04]} {[%emt 00:12:38]} b5 {[%clk 01:17:20]}
{[%emt 00:02:57]} 13. Be2 {[%clk 00:47:12]} {[%emt 00:00:23]} Qb6 {[%clk
01:17:07]} {[%emt 00:00:43]} 14. Nh4 {[%clk 00:38:56]} {[%emt 00:08:46]} a6
{[%clk 01:15:20]} {[%emt 00:02:17]} 15. Nxg6 {[%clk 00:32:32]} {[%emt
00:06:54]} hxg6 {[%clk 01:15:21]} {[%emt 00:00:29]} 16. Bxf6 {[%clk 00:28:27]}
{[%emt 00:04:35]} Nxf6 {[%clk 01:12:19]} {[%emt 00:03:32]} 17. g3 {[%clk
00:28:12]} {[%emt 00:00:46]} Rac8 {[%clk 01:11:22]} {[%emt 00:01:26]} 18. Bf3
{[%clk 00:23:25]} {[%emt 00:05:15]} c5 {[%clk 01:04:19]} {[%emt 00:07:34]} 19.
Na4 {[%clk 00:21:09]} {[%emt 00:02:46]} Qa7 {[%clk 01:04:25]} {[%emt 00:00:24]}
20. Nxc5 {[%clk 00:21:28]} {[%emt 00:00:12]} Bxc5 {[%clk 01:04:36]} {[%emt
00:00:17]} 21. dxc5 {[%clk 00:21:15]} {[%emt 00:00:44]} Rxc5 {[%clk 01:04:53]}
{[%emt 00:00:13]} 22. Rc2 {[%clk 00:20:48]} {[%emt 00:00:55]} Rec8 {[%clk
01:04:33]} {[%emt 00:00:51]} 23. Rfc1 {[%clk 00:21:03]} {[%emt 00:00:16]} Nd7
{[%clk 01:01:21]} {[%emt 00:03:41]} 24. Rxc5 {[%clk 00:19:01]} {[%emt
00:02:33]} Rxc5 {[%clk 01:01:03]} {[%emt 00:00:46]} 25. Rd1 {[%clk 00:18:20]}
{[%emt 00:01:12]} 1/2-1/2

[Event "Icelandic Team Championship 2021"]
[Site "Reykjavik"]
[Date "2021.10.02"]
[Round "3.17"]
[White "Stefansson, Vignir Vatnar"]
[Black "Steingrimsson, Hedinn"]
[Result "0-1"]
[WhiteElo "2383"]
[BlackElo "2519"]

1. d4 {[%clk 01:30:41]} {[%emt 00:00:18]} d5 {[%clk 01:30:49]} {[%emt
00:00:12]} 2. Nf3 {[%clk 01:31:00]} {[%emt 00:00:10]} Nf6 {[%clk 01:31:09]}
{[%emt 00:00:11]} 3. c3 {[%clk 01:31:25]} {[%emt 00:00:05]} Bf5 {[%clk
01:26:38]} {[%emt 00:05:01]} 4. Qb3 {[%clk 01:31:24]} {[%emt 00:00:31]} Qc8
{[%clk 01:26:55]} {[%emt 00:00:13]} 5. c4 {[%clk 01:30:31]} {[%emt 00:01:23]}
e6 {[%clk 01:26:58]} {[%emt 00:00:27]} 6. Nc3 {[%clk 01:30:42]} {[%emt
00:00:18]} c6 {[%clk 01:26:08]} {[%emt 00:01:20]} 7. g3 {[%clk 01:24:38]}
{[%emt 00:06:35]} Nbd7 {[%clk 01:24:47]} {[%emt 00:01:50]} 8. Bg2 {[%clk
01:23:56]} {[%emt 00:01:12]} a5 {[%clk 01:17:10]} {[%emt 00:08:08]} 9. a4
{[%clk 01:14:54]} {[%emt 00:09:32]} Bb4 {[%clk 01:10:27]} {[%emt 00:07:13]} 10.
O-O {[%clk 01:12:49]} {[%emt 00:02:35]} O-O {[%clk 01:10:54]} {[%emt 00:00:03]}
11. Be3 {[%clk 00:55:10]} {[%emt 00:18:09]} h6 {[%clk 01:06:14]} {[%emt
00:05:09]} 12. Rac1 {[%clk 00:53:28]} {[%emt 00:02:12]} Qb8 {[%clk 01:00:22]}
{[%emt 00:06:23]} 13. Rfd1 {[%clk 00:42:11]} {[%emt 00:11:47]} Rc8 {[%clk
01:00:04]} {[%emt 00:00:47]} 14. Bf4 {[%clk 00:38:13]} {[%emt 00:04:28]} Qa7
{[%clk 01:00:29]} {[%emt 00:00:05]} 15. h3 {[%clk 00:36:01]} {[%emt 00:02:42]}
Qa6 {[%clk 00:55:58]} {[%emt 00:05:01]} 16. Nd2 {[%clk 00:34:57]} {[%emt
00:01:33]} Bh7 {[%clk 00:56:25]} {[%emt 00:00:03]} 17. Qa2 {[%clk 00:32:05]}
{[%emt 00:03:23]} Qb6 {[%clk 00:51:41]} {[%emt 00:05:14]} 18. Nf3 {[%clk
00:29:26]} {[%emt 00:03:09]} Rd8 {[%clk 00:47:04]} {[%emt 00:05:07]} 19. Qb3
{[%clk 00:26:31]} {[%emt 00:03:25]} Rdc8 {[%clk 00:41:10]} {[%emt 00:06:24]} 20.
Qa2 {[%clk 00:21:56]} {[%emt 00:05:05]} Rd8 {[%clk 00:37:00]} {[%emt 00:04:40]}
21. Qb3 {[%clk 00:21:28]} {[%emt 00:00:58]} Rac8 {[%clk 00:37:28]} {[%emt
00:00:02]} 22. Na2 {[%clk 00:18:52]} {[%emt 00:03:06]} Be7 {[%clk 00:37:21]}
{[%emt 00:00:36]} 23. Qxb6 {[%clk 00:18:29]} {[%emt 00:00:55]} Nxb6 {[%clk
00:37:49]} {[%emt 00:00:02]} 24. c5 {[%clk 00:18:14]} {[%emt 00:00:45]} Nbd7
{[%clk 00:38:12]} {[%emt 00:00:07]} 25. Nd2 {[%clk 00:10:13]} {[%emt 00:08:31]}
g5 {[%clk 00:27:40]} {[%emt 00:11:02]} 26. Be3 {[%clk 00:10:18]} {[%emt
00:00:25]} b6 {[%clk 00:28:09]} 27. Nb3 {[%clk 00:10:13]} {[%emt 00:00:35]}
bxc5 {[%clk 00:28:31]} {[%emt 00:00:07]} 28. dxc5 {[%clk 00:10:01]} {[%emt
00:00:42]} Ra8 {[%clk 00:27:39]} {[%emt 00:01:22]} 29. Bd2 {[%clk 00:07:00]}
{[%emt 00:03:31]} Rdb8 {[%clk 00:25:35]} {[%emt 00:02:34]} 30. Nxa5 {[%clk
00:07:23]} {[%emt 00:00:07]} Rxb2 {[%clk 00:26:03]} {[%emt 00:00:02]} 31. Nb4
{[%clk 00:06:36]} {[%emt 00:01:17]} Bxc5 {[%clk 00:24:57]} {[%emt 00:01:35]} 32.
Nbxc6 {[%clk 00:07:02]} {[%emt 00:00:04]} Ne4 {[%clk 00:19:08]} {[%emt
00:06:19]} 33. Bxe4 {[%clk 00:06:37]} {[%emt 00:00:55]} Bxe4 {[%clk 00:19:36]}
{[%emt 00:00:02]} 34. Be1 {[%clk 00:03:29]} {[%emt 00:03:39]} Rxe2 {[%clk
00:17:38]} {[%emt 00:02:27]} 35. Nb7 {[%clk 00:02:01]} {[%emt 00:01:58]} Ba3
{[%clk 00:13:57]} {[%emt 00:04:11]} 36. Nd4 {[%clk 00:01:57]} {[%emt 00:00:34]}
Rxe1+ {[%clk 00:12:45]} {[%emt 00:01:42]} 37. Rxe1 {[%clk 00:02:26]} {[%emt
00:00:01]} Bxc1 {[%clk 00:13:10]} {[%emt 00:00:05]} 38. Rxc1 {[%clk 00:02:37]}
{[%emt 00:00:18]} Rxa4 {[%clk 00:13:38]} {[%emt 00:00:02]} 39. Rc8+ {[%clk
00:03:02]} {[%emt 00:00:05]} Kg7 {[%clk 00:12:55]} {[%emt 00:01:13]} 40. Nxe6+
{[%clk 00:03:18]} {[%emt 00:00:15]} fxe6 {[%clk 00:12:09]} {[%emt 00:01:15]} 41.
f3 {[%clk 00:03:46]} {[%emt 00:00:01]} Ra1+ {[%clk 00:11:42]} {[%emt 00:00:58]}
42. Kf2 {[%clk 00:04:08]} {[%emt 00:00:07]} Ra2+ {[%clk 00:12:10]} {[%emt
00:00:02]} 43. Ke1 {[%clk 00:04:28]} {[%emt 00:00:11]} Bxf3 {[%clk 00:08:44]}
{[%emt 00:03:56]} 44. Rc7 {[%clk 00:04:43]} {[%emt 00:00:13]} Kf6 {[%clk
00:07:46]} {[%emt 00:01:30]} 45. Rxd7 {[%clk 00:05:08]} {[%emt 00:00:05]} d4
{[%clk 00:07:41]} {[%emt 00:00:35]} 46. Nc5 {[%clk 00:04:35]} {[%emt 00:01:03]}
Bd5 {[%clk 00:06:33]} {[%emt 00:01:39]} 47. Nd3 {[%clk 00:04:06]} {[%emt
00:00:59]} Rg2 {[%clk 00:04:04]} {[%emt 00:02:58]} 48. g4 {[%clk 00:03:44]}
{[%emt 00:00:53]} Rg3 {[%clk 00:03:46]} {[%emt 00:00:48]} 49. Nf2 {[%clk
00:03:24]} {[%emt 00:00:50]} Ke5 {[%clk 00:03:40]} {[%emt 00:00:35]} 50. Ke2
{[%clk 00:03:18]} {[%emt 00:00:36]} Bc4+ {[%clk 00:03:30]} {[%emt 00:00:40]} 51.
Kd2 {[%clk 00:03:27]} {[%emt 00:00:22]} Rg2 {[%clk 00:03:56]} {[%emt 00:00:03]}
52. Ke1 {[%clk 00:03:53]} {[%emt 00:00:05]} Rg1+ {[%clk 00:03:24]} {[%emt
00:01:01]} 53. Kd2 {[%clk 00:04:19]} {[%emt 00:00:04]} Ra1 {[%clk 00:03:34]}
{[%emt 00:00:20]} 54. Nd1 {[%clk 00:04:18]} {[%emt 00:00:31]} Ra2+ {[%clk
00:03:54]} {[%emt 00:00:10]} 55. Kc1 {[%clk 00:04:45]} {[%emt 00:00:01]} Ke4
{[%clk 00:03:52]} {[%emt 00:00:33]} 56. Nb2 {[%clk 00:05:01]} {[%emt 00:00:15]}
Bb3 {[%clk 00:02:30]} {[%emt 00:01:52]} 57. Rb7 {[%clk 00:05:06]} {[%emt
00:00:25]} Bd5 {[%clk 00:02:53]} {[%emt 00:00:07]} 58. Rf7 {[%clk 00:05:32]}
{[%emt 00:00:04]} Ra1+ {[%clk 00:03:04]} {[%emt 00:00:19]} 59. Kd2 {[%clk
00:05:55]} {[%emt 00:00:07]} Rh1 {[%clk 00:03:30]} {[%emt 00:00:04]} 60. Nd1
{[%clk 00:06:22]} {[%emt 00:00:04]} Ke5 {[%clk 00:03:35]} {[%emt 00:00:25]} 61.
Nf2 {[%clk 00:06:31]} {[%emt 00:00:20]} Ra1 {[%clk 00:03:56]} {[%emt 00:00:08]}
62. Nd3+ {[%clk 00:06:52]} {[%emt 00:00:09]} Kd6 {[%clk 00:04:23]} {[%emt
00:00:03]} 63. Rf6 {[%clk 00:07:08]} {[%emt 00:00:15]} Ra2+ {[%clk 00:04:37]}
{[%emt 00:00:16]} 64. Ke1 {[%clk 00:07:26]} {[%emt 00:00:11]} Bc4 {[%clk
00:04:47]} {[%emt 00:00:20]} 65. Nc1 {[%clk 00:07:38]} {[%emt 00:00:19]} Rh2
{[%clk 00:04:50]} {[%emt 00:00:27]} 0-1

[Event "Icelandic Team Championship 2021"]
[Site "Reykjavik"]
[Date "2021.10.02"]
[Round "3.18"]
[White "Kulaots, Kaido"]
[Black "Jonsson, Bjorgvin"]
[Result "1-0"]
[WhiteElo "2530"]
[BlackElo "2337"]

1. d4 {[%clk 01:30:53]} {[%emt 00:00:05]} Nf6 {[%clk 01:30:52]} {[%emt
00:00:09]} 2. c4 {[%clk 01:31:15]} {[%emt 00:00:08]} e6 {[%clk 01:31:10]}
{[%emt 00:00:11]} 3. Nc3 {[%clk 01:30:47]} {[%emt 00:00:58]} Bb4 {[%clk
01:31:23]} {[%emt 00:00:18]} 4. Nf3 {[%clk 01:29:00]} {[%emt 00:02:16]} c5
{[%clk 01:30:21]} {[%emt 00:01:32]} 5. g3 {[%clk 01:27:32]} {[%emt 00:01:58]}
cxd4 {[%clk 01:25:22]} {[%emt 00:05:28]} 6. Nxd4 {[%clk 01:27:48]} {[%emt
00:00:14]} O-O {[%clk 01:25:26]} {[%emt 00:00:27]} 7. Bg2 {[%clk 01:27:45]}
{[%emt 00:00:33]} d5 {[%clk 01:23:32]} {[%emt 00:02:23]} 8. cxd5 {[%clk
01:24:34]} {[%emt 00:03:41]} Nxd5 {[%clk 01:23:25]} {[%emt 00:00:37]} 9. Qb3
{[%clk 01:23:23]} {[%emt 00:01:41]} Qb6 {[%clk 01:20:16]} {[%emt 00:03:39]} 10.
Bxd5 {[%clk 01:21:50]} {[%emt 00:02:04]} Qxd4 {[%clk 01:19:36]} {[%emt
00:01:09]} 11. Bg2 {[%clk 01:20:47]} {[%emt 00:01:32]} Nc6 {[%clk 01:15:02]}
{[%emt 00:05:05]} 12. O-O {[%clk 01:17:53]} {[%emt 00:03:25]} Qb6 {[%clk
01:02:22]} {[%emt 00:13:08]} 13. Be3 {[%clk 01:15:02]} {[%emt 00:03:21]} Bc5
{[%clk 00:49:16]} {[%emt 00:13:36]} 14. Qxb6 {[%clk 01:09:09]} {[%emt
00:06:23]} Bxb6 {[%clk 00:47:05]} {[%emt 00:02:40]} 15. Bxb6 {[%clk 01:09:27]}
{[%emt 00:00:13]} axb6 {[%clk 00:47:30]} {[%emt 00:00:06]} 16. Rfd1 {[%clk
01:08:13]} {[%emt 00:01:44]} Ra5 {[%clk 00:37:48]} {[%emt 00:10:13]} 17. a3
{[%clk 01:05:16]} {[%emt 00:03:26]} e5 {[%clk 00:30:10]} {[%emt 00:08:07]} 18.
b4 {[%clk 01:00:28]} {[%emt 00:05:18]} Ra7 {[%clk 00:29:52]} {[%emt 00:00:48]}
19. e3 {[%clk 00:46:57]} {[%emt 00:14:00]} Bg4 {[%clk 00:27:40]} {[%emt
00:02:43]} 20. Rdc1 {[%clk 00:47:04]} {[%emt 00:00:23]} Rfa8 {[%clk 00:19:43]}
{[%emt 00:08:27]} 21. Nb5 {[%clk 00:39:31]} {[%emt 00:08:02]} Ra4 {[%clk
00:20:06]} {[%emt 00:00:07]} 22. h3 {[%clk 00:36:06]} {[%emt 00:03:55]} Bd7
{[%clk 00:18:48]} {[%emt 00:01:48]} 23. Nc7 {[%clk 00:35:30]} {[%emt 00:01:06]}
Rd8 {[%clk 00:11:48]} {[%emt 00:07:29]} 24. Rd1 {[%clk 00:33:05]} {[%emt
00:02:56]} Kf8 {[%clk 00:09:49]} {[%emt 00:02:30]} 25. Rd2 {[%clk 00:31:00]}
{[%emt 00:02:34]} Nb8 {[%clk 00:05:14]} {[%emt 00:05:05]} 26. Bf1 {[%clk
00:23:40]} {[%emt 00:07:50]} Ra7 {[%clk 00:02:45]} {[%emt 00:02:59]} 27. Nb5
{[%clk 00:21:55]} {[%emt 00:02:15]} Ra8 {[%clk 00:01:23]} {[%emt 00:01:52]} 28.
Rad1 {[%clk 00:19:59]} {[%emt 00:02:26]} Ke7 {[%clk 00:01:42]} {[%emt
00:00:10]} 29. Nc7 {[%clk 00:19:55]} {[%emt 00:00:34]} Rxa3 {[%clk 00:01:57]}
{[%emt 00:00:16]} 30. Nd5+ {[%clk 00:20:16]} {[%emt 00:00:09]} Ke8 {[%clk
00:00:57]} {[%emt 00:01:30]} 31. Nxb6 {[%emt 00:01:40]} Ke7 {[%clk 00:00:00]}
{[%emt 00:00:01]} 1-0

[Event "Icelandic Team Championship 2021"]
[Site "Reykjavik"]
[Date "2021.10.02"]
[Round "3.19"]
[White "Jensson, Einar Hjalti"]
[Black "Ragnarsson, Dagur"]
[Result "1/2-1/2"]
[WhiteElo "2316"]
[BlackElo "2376"]

1. d4 {[%clk 01:30:55]} {[%emt 00:00:02]} Nf6 {[%clk 01:29:59]} {[%emt
00:01:01]} 2. Nf3 {[%clk 01:31:20]} {[%emt 00:00:05]} g6 {[%clk 01:30:15]}
{[%emt 00:00:14]} 3. g3 {[%clk 01:31:37]} {[%emt 00:00:13]} Bg7 {[%clk
01:30:40]} {[%emt 00:00:05]} 4. Bg2 {[%clk 01:32:03]} {[%emt 00:00:05]} O-O
{[%clk 01:31:01]} {[%emt 00:00:09]} 5. O-O {[%clk 01:32:28]} {[%emt 00:00:04]}
d5 {[%clk 01:31:04]} {[%emt 00:00:27]} 6. c4 {[%clk 01:32:50]} {[%emt
00:00:10]} c6 {[%clk 01:31:28]} {[%emt 00:00:05]} 7. b3 {[%clk 01:30:22]}
{[%emt 00:02:58]} dxc4 {[%clk 01:31:52]} {[%emt 00:00:05]} 8. bxc4 {[%clk
01:30:39]} {[%emt 00:00:13]} c5 {[%clk 01:32:17]} {[%emt 00:00:05]} 9. e3
{[%clk 01:29:58]} {[%emt 00:01:12]} Nc6 {[%clk 01:30:18]} {[%emt 00:02:29]} 10.
Bb2 {[%clk 01:29:57]} {[%emt 00:00:31]} Qb6 {[%clk 01:29:28]} {[%emt 00:01:19]}
11. Qb3 {[%clk 01:26:29]} {[%emt 00:03:58]} Na5 {[%clk 01:28:23]} {[%emt
00:01:35]} 12. Qxb6 {[%clk 01:24:09]} {[%emt 00:02:51]} axb6 {[%clk 01:28:48]}
{[%emt 00:00:05]} 13. Nbd2 {[%clk 01:20:35]} {[%emt 00:04:04]} Ne8 {[%clk
01:17:21]} {[%emt 00:11:56]} 14. Rfc1 {[%clk 01:12:39]} {[%emt 00:08:27]} Nd6
{[%clk 01:12:40]} {[%emt 00:05:11]} 15. Ne5 {[%clk 01:06:38]} {[%emt 00:06:31]}
Rd8 {[%clk 00:57:56]} {[%emt 00:15:14]} 16. d5 {[%clk 01:03:29]} {[%emt
00:03:40]} f6 {[%clk 00:45:03]} {[%emt 00:13:22]} 17. Nd3 {[%clk 01:02:47]}
{[%emt 00:01:12]} e5 {[%clk 00:44:52]} {[%emt 00:00:40]} 18. e4 {[%clk
00:57:36]} {[%emt 00:05:41]} Bd7 {[%clk 00:41:21]} {[%emt 00:04:01]} 19. f4
{[%clk 00:57:41]} {[%emt 00:00:25]} Re8 {[%clk 00:41:46]} {[%emt 00:00:05]} 20.
Rab1 {[%clk 00:56:23]} {[%emt 00:01:48]} Rac8 {[%clk 00:37:47]} {[%emt
00:04:28]} 21. Ba3 {[%clk 00:51:20]} {[%emt 00:05:34]} Ra8 {[%clk 00:19:42]}
{[%emt 00:18:35]} 22. Rxb6 {[%clk 00:48:35]} {[%emt 00:03:15]} Nc8 {[%clk
00:18:11]} {[%emt 00:02:01]} 23. Rbb1 {[%clk 00:44:05]} {[%emt 00:05:00]} b6
{[%clk 00:18:36]} {[%emt 00:00:04]} 24. Bb2 {[%clk 00:38:24]} {[%emt 00:06:12]}
Nd6 {[%clk 00:17:14]} {[%emt 00:01:52]} 25. Ba1 {[%clk 00:36:34]} {[%emt
00:02:20]} Ra6 {[%clk 00:17:29]} {[%emt 00:00:15]} 26. Bf3 {[%clk 00:31:36]}
{[%emt 00:05:28]} Nab7 {[%clk 00:11:34]} {[%emt 00:06:25]} 27. Rc2 {[%clk
00:30:46]} {[%emt 00:01:20]} Ra3 {[%clk 00:10:29]} {[%emt 00:01:34]} 28. Rb3
{[%clk 00:28:56]} {[%emt 00:02:20]} Ra6 {[%clk 00:10:17]} {[%emt 00:00:42]} 29.
Rcb2 {[%clk 00:26:17]} {[%emt 00:03:08]} Nc8 {[%clk 00:10:14]} {[%emt
00:00:33]} 30. Kf2 {[%clk 00:25:40]} {[%emt 00:01:08]} Nbd6 {[%clk 00:10:38]}
{[%emt 00:00:06]} 31. h4 {[%clk 00:20:54]} {[%emt 00:05:15]} Nf7 {[%clk
00:08:57]} {[%emt 00:02:11]} 32. fxe5 {[%clk 00:17:51]} {[%emt 00:03:33]} fxe5
{[%clk 00:09:16]} {[%emt 00:00:11]} 33. g4 {[%clk 00:17:14]} {[%emt 00:01:08]}
Nfd6 {[%clk 00:06:57]} {[%emt 00:02:49]} 34. Ke2 {[%clk 00:16:16]} {[%emt
00:01:28]} h6 {[%clk 00:06:26]} {[%emt 00:01:01]} 35. Ke3 {[%clk 00:13:01]}
{[%emt 00:03:45]} Bf6 {[%clk 00:06:26]} {[%emt 00:00:30]} 36. Rc2 {[%clk
00:12:54]} {[%emt 00:00:37]} Nf7 {[%clk 00:06:09]} {[%emt 00:00:47]} 37. h5
{[%clk 00:12:50]} {[%emt 00:00:33]} gxh5 {[%clk 00:05:11]} {[%emt 00:01:28]} 38.
gxh5 {[%clk 00:13:20]} {[%emt 00:00:01]} Bg5+ {[%clk 00:05:34]} {[%emt
00:00:06]} 39. Ke2 {[%clk 00:13:41]} {[%emt 00:00:09]} Ncd6 {[%clk 00:05:14]}
{[%emt 00:00:51]} 40. Rb1 {[%clk 00:12:59]} {[%emt 00:01:12]} Ba4 {[%clk
00:04:08]} {[%emt 00:01:36]} 41. Rcc1 {[%clk 00:12:37]} {[%emt 00:00:52]} Bd7
{[%clk 00:04:17]} {[%emt 00:00:21]} 42. Rc2 {[%clk 00:12:24]} {[%emt 00:00:43]}
Ba4 {[%clk 00:04:40]} {[%emt 00:00:07]} 43. Rcc1 {[%clk 00:09:52]} {[%emt
00:03:02]} Bd7 {[%clk 00:05:04]} {[%emt 00:00:06]} 44. Rc2 {[%emt 00:00:31]}
1/2-1/2